Normal view
MARC view
Entry Topical Term
001 - CONTROL NUMBER
- control field: 5721
003 - CONTROL NUMBER IDENTIFIER
- control field: HDC
005 - DATE AND TIME OF LATEST TRANSACTION
- control field: 20230624073219.0
008 - FIXED-LENGTH DATA ELEMENTS
- fixed length control field: 210120|| aca||aabn | a|a d
040 ## - CATALOGING SOURCE
- Original cataloging agency: HDC
- Transcribing agency: HDC
150 ## - HEADING--TOPICAL TERM
- Topical term or geographic name entry element: Mangifera pajang
670 ## - SOURCE DATA FOUND
- Source citation: Work cat.: (HDC): Mohd Fadzelly Abu Bakar author 5720, A review on underutilized indigenous bambangan (Mangifera pajang) fruit as a potential novel source for functional food and medicine / by , 2013
